000 00317nam a22001337a 4500
020 _a978-0-14-044358-5
082 _a823
_bPIE/G
100 _aPIERRE AND JEAN
245 _aGUY DE MAUPASSANT
260 _aLONDON
_bPENGUIN CLASSICS
_c1979
300 _a175
650 _aENGLISH LITERATURE
_zUNITED KINGDOM
942 _cBK
999 _c8002
_d8002